ARRUPE JESUIT UNIVERSITY

CORONAVIRUS -STOP THE SPREAD - CLEAN,DISINFECT,COVER

Operation Chaos : (Record no. 131594)

MARC details
000 -LEADER
fixed length control field 02672cam a2200337 i 4500
001 - CONTROL NUMBER
control field 20360732
003 - CONTROL NUMBER IDENTIFIER
control field ARRUPE
005 - DATE AND TIME OF LATEST TRANSACTION
control field 20221129094751.0
008 - FIXED-LENGTH DATA ELEMENTS--GENERAL INFORMATION
fixed length control field 171126t20182017nyua b 001 0 eng c
010 ## - LIBRARY OF CONGRESS CONTROL NUMBER
LC control number 2017032052
020 ## - INTERNATIONAL STANDARD BOOK NUMBER
International Standard Book Number 9781627794633 (hardcover)
028 ## - PUBLISHER NUMBER
Source arrupe
040 ## - CATALOGING SOURCE
Original cataloging agency LBSOR/DLC
Language of cataloging eng
Transcribing agency LBSOR
Description conventions rda
Modifying agency DLC
042 ## - AUTHENTICATION CODE
Authentication code pcc
043 ## - GEOGRAPHIC AREA CODE
Geographic area code n-us---
050 00 - LIBRARY OF CONGRESS CALL NUMBER
Classification number JK468.I6
Item number S983 2018
082 00 - DEWEY DECIMAL CLASSIFICATION NUMBER
Classification number 327.1209/045
Edition number 23
300 ## - PHYSICAL DESCRIPTION
Other physical details illustrations ;
Dimensions 25 cm
100 1# - MAIN ENTRY--PERSONAL NAME
Personal name Sweet, Matthew,
Relator term author.
9 (RLIN) 52066
245 10 - TITLE STATEMENT
Title Operation Chaos :
Remainder of title the Vietnam deserters who fought the CIA, the brainwashers, and themselves /
Statement of responsibility, etc Matthew Sweet.
250 ## - EDITION STATEMENT
Edition statement First Edition.
300 ## - PHYSICAL DESCRIPTION
Extent xiv, 351 pages :
504 ## - BIBLIOGRAPHY, ETC. NOTE
Bibliography, etc Includes bibliographical references and index.
520 ## - SUMMARY, ETC.
Summary, etc "An untold Cold War story: how the CIA tried to infiltrate a radical group of U.S. military deserters, a tale that leads from a bizarre political cult to the heart of the Washington establishment Stockholm, 1968. A thousand American deserters and draft-resisters are arriving to escape the war in Vietnam. They're young, they're radical, and they want to start a revolution. Some of them even want to take the fight to America. The Swedes treat them like pop stars--but the CIA is determined to stop all that. It's a job for the deep-cover men of Operation Chaos and their allies--agents who know how to infiltrate organizations and destroy them from inside. Within months, the GIs have turned their fire on one another. Then the interrogations begin--to discover who among them has been brainwashed, Manchurian Candidate-style, to assassinate their leaders. When Matthew Sweet began investigating this story, he thought the madness was over. He was wrong. Instead, he became the confidant of an eccentric and traumatized group of survivors--each with his own theory about the traitors in their midst. All Sweet has to do is find out the truth. And stay sane. Which may be difficult when one of his interviewees accuses him of being a CIA agent and another suspects that he's part of a secret plot by the British royal family to start World War III. By that time, he's deep in the labyrinth of truths and half-truths, wondering where reality ends and delusion begins"--
610 10 - SUBJECT ADDED ENTRY--CORPORATE NAME
Corporate name or jurisdiction name as entry element United States.
Subordinate unit Central Intelligence Agency
General subdivision History.
9 (RLIN) 50865
650 #0 - SUBJECT ADDED ENTRY--TOPICAL TERM
Topical term or geographic name as entry element Intelligence service
Geographic subdivision United States
General subdivision History.
9 (RLIN) 52067
650 #0 - SUBJECT ADDED ENTRY--TOPICAL TERM
Topical term or geographic name as entry element Vietnam War, 1961-1975
General subdivision Desertions
Geographic subdivision United States.
9 (RLIN) 52068
653 ## - INDEX TERM--UNCONTROLLED
Uncontrolled term Operation CHAOS
-- Operation MHCHAOS
906 ## - LOCAL DATA ELEMENT F, LDF (RLIN)
a 7
b cbc
c orignew
d 1
e ecip
f 20
g y-gencatlg
942 ## - ADDED ENTRY ELEMENTS (KOHA)
Source of classification or shelving scheme Library of Congress Classification
Koha item type Monograph ( Printed materials)
Holdings
Withdrawn status Lost status Source of classification or shelving scheme Damaged status Not for loan Home library Current library Shelving location Date acquired Total Checkouts Full call number Barcode Date last seen Price effective from Koha item type
    Library of Congress Classification     ARRUPE LIBRARY ARRUPE LIBRARY Main Collection 29/11/2022   JK468.I6 S983 2018 46700000133 29/11/2022 29/11/2022 Monograph ( Printed materials)

 

Arrupe Library. PO Box MP320 Mt Pleasant, Harare, Zimbabwe
263 242 745411|librarian@aju.ac.zw